000 00345 a2200169 4500
001 161557
020 _a85-7056-287-X
040 _cMagnum
100 _aViana, Vivina de Assis
240 1 0 _aAna e Pedro
_lpor
245 1 0 _aAna e Pedro
300 _a84
362 0 _a1994
440 1 _aAtual
697 _aLITERATURA JUVENIL
942 _cBK
999 _c161557
_d161557